000 00742nam a2200253Ia 4500
005 20260429111855.0
008 260429s9999||||xx |||||||||||||| ||und||
020 _a9781588295040
041 _aEnglish
082 _a616.994
_bFIS
100 _aFisher, Paul B.
245 0 _aCancer genomics and proteomics :
_bmethods and protocols /
_cPaul B. Fisher
260 _aNew Jersey :
_bHumana press,
_c2007.
300 _axvi, 358 p.;hb
440 _a383 Methods in Molecular Biology
650 _a Biomedical research methods
650 _a Cancer genetics
650 _a Genomic analysis
650 _a Molecular oncology
650 _a Proteomic techniques
650 _a Proteomics
650 _aCancer genomics
942 _cTB
999 _c51227
_d51227